| 000 | 00734nac a22001691u 4500 | ||
|---|---|---|---|
| 008 | 080818s2001 ua||||||r||| 001 0dara d | ||
| 020 | _a9772290936 | ||
| 082 |
_a227.6 _bر ب ي |
||
| 245 |
_aالإسرائيليات في تفسير الطبري : _bدراسة في اللغة والمصادر العبرية / _cآمال محمد عبد الرحمن ربيع |
||
| 260 |
_aالقاهرة : _bوزارة الأوقاف، المجلس الأعلي للشئون الاسلامية، _c2001. |
||
| 300 |
_a427 ص ؛ _c32 سم. |
||
| 500 | _aيحتوي علي ملاحق | ||
| 504 | _aببليوجرافية: 415-425 | ||
| 511 | _aCatalogued by: Sara | ||
| 541 |
_aألف باء؛ _cشراء؛ |
||
| 942 |
_cBB _k227.6ر ب ي _2ddc |
||
| 999 |
_c8032 _d8032 |
||